00439 2200169 4500001002100000005001500021035002000036245003900056100001900095300002600114260003200140082000800172084001400180020002200194008004100216990001200257INLIS00000000000171320250504074846 a0010-05250000051 a7 Prajurit Bapak /cWulan Nurmalia0 aWulan Nurmalia a440 hlm ;c13 x 19 cm aJakarta :bMediakita,c2022 a813 a813 WUL t a978-979-794-643-2250504 0  a0754624